| 000 | 00657nam a22002177a 4500 | ||
|---|---|---|---|
| 999 |
_c1204 _d1204 |
||
| 003 | AR-CdUCM | ||
| 008 | 190226b ||||| |||| 00| 0 spa d | ||
| 040 |
_aMUNICIPALIDAD PROVINCIAL DEL CUSCO _cBIBLIOTECA MUNICIPAL DEL CUSCO |
||
| 082 |
_a220 / _bS74 |
||
| 100 |
_aSpeed, William G. _94707 |
||
| 245 | _aConcordancia Manuable a las Sagradas Escrituras / | ||
| 260 |
_aLima : _bH. G. Rozas Sucesores, _c1943. |
||
| 300 |
_a438 paginas ; _c16 cm. |
||
| 505 | _aDiccionario BĂblico. | ||
| 650 |
_aResurreccion _94708 |
||
| 650 |
_aSantificar _94709 |
||
| 650 |
_aTrigo _94710 |
||
| 650 |
_aRezo _94711 |
||
| 942 |
_2ddc _cLIBROS |
||
| 945 |
_awnts _d2019-02-26 |
||